| 000 | 00703nam a22001937a 4500 | ||
|---|---|---|---|
| 005 | 20251108173101.0 | ||
| 008 | 250721s2005 xx 000 0 ara d | ||
| 082 | 1 | 4 | _a341.40956/ موم |
| 100 | 1 | _aالمومني، محمد أحمد عقلة | |
| 245 | 1 | 0 | _aجيوبولوتيكا المياه : الأسس القانونية لتقاسم المياه المشتركة في الوطن العربي / |
| 264 | 1 |
_aإربد : _bدار الكتاب الثقافي، _c2005. |
|
| 300 | _a248ص. | ||
| 650 | 1 | 7 | _aجيوبولوتيكا المياه |
| 650 | 1 | 7 | _aالبلدان العربية |
| 650 | 1 | 7 | _aالمياه |
| 650 | 1 | 7 | _aالقانون الدولي |
| 942 |
_2ddc _cBK |
||
| 999 |
_c95687 _d95687 |
||